000
00304nam a2200133Ia 4500
100
_a
Sloman M.& kramer J
942
_c
BK
654
_a
computer networks
245
_a
Distributed systems & computer networks
260
_b
prentice hall
_a
U.K
_c
1987
300
_a
336
546
_a
ENGLISH
999
_c
20776
_d
20776